| 000 | 006080000a22001930004500 | ||
|---|---|---|---|
| 090 |
_aAR _b01177 |
||
| 245 | 1 | 0 | _aRevision of the genus Cinchona (<Rubiaceae-Cinchoneae>) |
| 650 | 1 | 4 |
_aMorfología vegetal _918295 |
| 650 | 1 | 4 |
_aFilogenética vegetal _994443 |
| 650 | 1 | 4 |
_aDistribución _992865 |
| 650 | 1 | 4 |
_aEcología vegetal _9353 |
| 650 | 1 | 4 |
_aPlantas útiles _992936 |
| 651 | 4 |
_lCordillera de los Andes _992749 |
|
| 653 |
_fRubiaceae _gCinchona |
||
| 041 | 0 | _aInglés | |
| 100 | 1 |
_aAndersson, Lennart _917474 |
|
| 942 | _cARTICULO | ||
| 773 | 1 |
_tMemoirs of the New York Botanical Garden _3435 _h80 _q1-73 _d1998 |
|
| 999 |
_c10263 _d10263 |
||